| 000 | 00556nam a22001217a 4500 | ||
|---|---|---|---|
| 040 | _cRUA | ||
| 082 | _aAGR VEU 2024 B542 Or.1 | ||
| 100 | _aVEUN SARA, វឺន សារ៉ា | ||
| 245 | _aComparison Of Difference Plant Spacing On Growth And Yeild Of Chinese Curly Cabbaage, ការប្រៀបធៀបចន្លោះគុម្ពខុសៗគ្នាលើការលូតលាស់ និងទិន្នផលស្ពៃក្រញ៉ាញ់ | ||
| 260 |
_aPHNOM PENH _bRUA _c2024 |
||
| 300 |
_avii, _bill, _c29cm, |
||
| 942 | _cAGR | ||
| 999 |
_c25301 _d25301 |
||